| Поле | Инд. | ПП | Название | Значение |
|---|---|---|---|---|
| Тип записи | m | |||
| Библиографический уровень | m | |||
| 001 | Контрольный номер | 4e11827b07d643f1a760f2f349743743 | ||
| 005 | Дата корректировки | 20251225145550.1 | ||
| 008 | Кодируемые данные | 251222|||||||||ru |||||||||||||||||rus|| | ||
| 041 | 0_ | a | Код языка текста | rus |
| 084 | a | Индекс другой классификации/Индекс ББК | 81.2Англ-923.7 | |
| 203 | a | Вид содержания | Текст | |
| c | Тип средства | электронный | ||
| 245 | 10 | a | Заглавие | CARGO WORK. Part 2 |
| b | Продолж. заглавия | методические указания к развитию речевой компетенции для обучающихся 5 курса специальности 26.05.05 "Судовождение" | ||
| c | Ответственность | Министерство науки и высшего образования Российской Федерации, Федеральное государственное автономное образовательное учреждение высшего образования "Мурманский арктический университет", Кафедра филологии, межкультурной коммуникации и журналистики ; составитель В. Н. Зыкова | ||
| h | Физич. носитель | Электронный ресурс | ||
| 256 | a | Характеристики компьютерного файла | Электрон. текстовые дан. (1 файл : 1,15 Мб) | |
| 260 | a | Место издания | Мурманск | |
| b | Издательство | МАУ | ||
| c | Дата издания | 2025 | ||
| 500 | a | Примечание | Доступ из локальной сети Мурман. аркт. ун-та. - Загл. с экрана | |
| 500 | a | Примечание | URL: https://elib.mauniver.ru/2025/M_25_24.pdf | |
| 504 | a | Библиография | Библиогр.: с. 47 | |
| 583 | x | Служебное примечание | Судовождение. ВПО | |
| z | Открытое примечание | 26.05.05 | ||
| 653 | 0_ | a | Ключевые слова | Судовождение |
| a | Ключевые слова | Методические указания | ||
| a | Ключевые слова | Профессиональный английский язык | ||
| a | Ключевые слова | Труды преподавателей МАУ | ||
| a | Ключевые слова | Электронные версии | ||
| 700 | 12 | a | Другие авторы | Зыкова В. Н. |
| e | Роль лиц | Составитель | ||
| 856 | 40 | u | URL | https://elib.mauniver.ru/2025/M_25_24.pdf |
| 901 | t | Тип документа | m |